| 000 | 01341nam a2200373 a 4500 | ||
|---|---|---|---|
| 001 | 660391 | ||
| 003 | OSt | ||
| 005 | 20140319124703.0 | ||
| 008 | 940513s1993 nyua j 000 1 eng d | ||
| 010 | _a 94158718 | ||
| 020 | _c0590457829 | ||
| 035 | _a(OCoLC)27297077 | ||
| 040 |
_aIaSc _cIaSc _dOCoLC _dDLC |
||
| 042 |
_alccopycat _alcac |
||
| 050 | 0 | 0 |
_aPZ 7 _b.T365 2003 |
| 100 | 1 |
_aThaler, Mike, _d1936- _928790 |
|
| 245 | 1 | 4 |
_aThe Art Teacher from the black lagoon / _cby Mike Thaler ; pictures by Jared Lee. |
| 260 |
_aNew York : _bScholastic, _c1993. |
||
| 300 |
_a[32] p. : _bcol. ill. ; _c21 cm. |
||
| 500 | _aIn title: The word "Teacher" is crossed through with the word "Principal" written above it. | ||
| 521 | _aG2 | ||
| 526 | _c430 | ||
| 650 | 0 |
_aElementary school principals _xJuvenile fiction. _928791 |
|
| 650 | 0 |
_aSchools _xJuvenile fiction. _928792 |
|
| 650 | 0 |
_aSchool children _xJuvenile fiction. _928793 |
|
| 650 | 1 |
_aSchool principals _xFiction. _928794 |
|
| 650 | 1 |
_aSchools _xFiction. _928795 |
|
| 650 | 1 |
_aHumorous stories. _93831 |
|
| 700 | 1 |
_aLee, Jared D., _eill. _928796 |
|
| 906 |
_a7 _bcbc _ccopycat _d2 _encip _f19 _gy-gencatlg |
||
| 942 |
_2lcc _cBK |
||
| 999 |
_c47511 _d47511 |
||